| 000 | 00880nam a2200229 4500 | ||
|---|---|---|---|
| 001 | 40655 | ||
| 003 | BD-RjUL | ||
| 005 | 20211209053248.0 | ||
| 008 | 160507s1964 bg||||| |||| 00| 0 bbend | ||
| 035 | _a(BD-RjUL)40770 | ||
| 040 |
_aBD-RjUL _beng _cBD-RjUL |
||
| 041 | _aben | ||
| 082 |
_223 _a891.411092 _bMAS 1964 |
||
| 100 |
_aমওদুদ, আবদুল _9117863 |
||
| 245 |
_a শাহ আবদুল লতিফ ভিটাই / _cআবদুল মওদুদ |
||
| 250 | _a১ম সং. | ||
| 260 |
_aঢাকা : _bপাকিস্তান পাবলিকেশনস্, _c১৯৬৪ |
||
| 300 |
_a[৮], ১২৮পৃ.: _bচিত্র ; _c১৮ সেমি. |
||
| 600 |
_aভিটাই, শাহ্ আব্দুল লতিফ _xজীবনী _9126880 |
||
| 600 |
_aBhitai, Shah Abdul Latif _xBiography _9126881 |
||
| 942 |
_2ddc _cBK |
||
| 999 |
_c40655 _d40655 |
||